Miracle on 34th Street Characters Sudden Death Quiz - Statistics

General Stats
  • This quiz has been taken 16 times
  • The average score is 5 of 12
Answers on the Grid
Answers color-coded by a green-red scale on the quiz's grid according to % correct below.
Kriss Kringle
Tony Falacchi
Victor Lamberg
Susan Walker
Rowland Macy
Herbert Marcus
John Lewis
Dorey Walker
Alberta Leonard
Théophile Bader
Ed Collins
Charles Digby Harrod
Bryan Bedford
Harvey Nichols
Donald Shellhammer
Judge Harper
Harry Selfridge
Gene Pressman
Jack Duff
Daniel Lowry
 
Answer Stats
Answer % Correct
Kriss Kringle
60%
Susan Walker
60%
Donald Shellhammer
50%
Dorey Walker
50%
Jack Duff
50%
Bryan Bedford
40%
Ed Collins
40%
Judge Harper
40%
Daniel Lowry
30%
Alberta Leonard
20%
Victor Lamberg
20%
Tony Falacchi
10%
No matching quizzes found
Score Distribution
Percent of People with Each Score
Percentile by Number Answered
Your Score History
You have not taken this quiz